000 00878nam a2200337Ia 4500
001 3636
005 20240113233639.0
007 ta
008 170829s2000 ii g b000 u 465 u
020 _a81-203-0290-7
_cRs. 95.00
040 _aCotton College,Assam
041 _aeng
082 _a514
_bMu 92 To
100 _aMunkres, James R. .
245 0 _aTopology: A First Course /
_cJames R. Munkres.
_hTextual Documents
250 _a1st ed. /
260 _aNew Delhi :
_bPrentice-Hall of India Pvt Ltd ,
_c2000.
300 _axiii, 413p. ;
_c23cm.
365 _aRs. 95.00
504 _aIndex
653 _aMathematics
653 _aTopology
653 _aPG-Mathematics
653 _aG-Mathematics
942 _2ddc
_cBK
999 _c3624
_d3624